| 000 | 00582nam a22001937a 4500 | ||
|---|---|---|---|
| 005 | 20251209164359.0 | ||
| 010 | _aENG-147258 | ||
| 020 |
_c500.00 _a9788194997351 |
||
| 035 | _aEN-130790 | ||
| 037 | _bDBAD | ||
| 082 |
_a370.71 _21 |
||
| 100 |
_aPatil, Sunil Dada _985969 |
||
| 245 |
_aQualities of an Effective teacher/ _cSunil Dada Patil |
||
| 250 | _a1 | ||
| 260 |
_aJaysingpur _bKavitaSagar publication _c2023 |
||
| 270 |
_bJaysingpur _e416101 _k08484986064 _mkavitasagarpublication@gmail.com |
||
| 300 |
_a192p. _c21cm(pb) |
||
| 942 |
_2ddc _cEN _h370.71 _mPAT |
||
| 999 |
_c213905 _d213905 |
||